| 000 | 00338nam a22001457a 4500 | ||
|---|---|---|---|
| 020 | _qHB. | ||
| 040 | _cFizza Ishaq | ||
| 082 |
_a621.3845 _bHOL |
||
| 100 |
_aHolma, Harri. _9111782 |
||
| 245 |
_a5G Technology: 3GPP New Radio / _cHarri Holma. |
||
| 250 | _a1st ed. | ||
| 260 |
_bWiley, _c2020. |
||
| 300 | _a506 p. ; | ||
| 942 |
_2ddc _cBK |
||
| 999 |
_c594458 _d594458 |
||